Seducción al abandono de sí mismo: interpretación psicoanalítica desde la hermenéutica profunda de un poema de Rudolf Alexander Schröder /
Spremljeno u:
| Glavni autor: | |
|---|---|
| Format: | Tekst |
| Teme: | |
| Oznake: |
Dodaj oznaku
Bez oznaka, Budi prvi tko označuje ovaj zapis!
|
MARC
| LEADER | 00000 a a2200000 04500 | ||
|---|---|---|---|
| 001 | 198 | ||
| 003 | |||
| 040 | |||
| 100 | |a Lorenzer, Alfred | ||
| 245 | |a Seducción al abandono de sí mismo: |b interpretación psicoanalítica desde la hermenéutica profunda de un poema de Rudolf Alexander Schröder / |c Alfred Lorenzer | ||
| 650 | |a PSICOLOGIA | ||
| 650 | |a LITERATURA | ||
| 773 | |g volumen 13, número 93; páginas 9-24 | ||
| 999 | |c 29436 |d 29436 | ||
| 773 | 0 | |0 18811 |9 3249 |a Universidad de Costa Rica. Instituto de Investigaciones en Psicología |d San José, C.R.: Editorial de la UCR |o 07051 |t Actualidades en Psicología / | |
